The X Factor: Union J Quiz Stats

 Plays Quiz not verified by Sporcle

Challenge
Share
Tweet
Embed
Score 0/14 Timer 03:00
0 Plays Today
Week Song % Correct
Week 5Love Story
80%
Week 4Sweet Dreams
70%
Week 1Don't Stop Me Now
66.7%
Week 7Call Me Maybe
66.7%
Week 6Fix You
60%
Week 8The Winner Takes It All
60%
Sing-offRun
60%
Week Song % Correct
Week 2Bleeding Love/Broken Strings
56.7%
Week 3When Love Takes Over
50%
Week 9Beneath Your Beautiful
46.7%
Week 8I'll Be There
43.3%
Sing-offPerfect
43.3%
Sing-offSet Fire to the Rain
43.3%
Week 9I'm Already There
40%

You're not logged in!

Compare scores with friends on all Sporcle quizzes.
Join for Free
OR
Log In

You Might Also Like...

Show Comments

Extras

Top Quizzes Today


Score Distribution

Your Account Isn't Verified!

In order to create a playlist on Sporcle, you need to verify the email address you used during registration. Go to your Sporcle Settings to finish the process.

Report this User

Report this user for behavior that violates our Community Guidelines.

Details: